| 000 | 00344 a2200145 4500 | ||
|---|---|---|---|
| 001 | 64868 | ||
| 082 | _a629.135 SPI | ||
| 090 |
_c38292 _d38292 |
||
| 100 | _aSpitzer, Cary R | ||
| 245 | _aDigital avionics systems, 2/e | ||
| 250 | _a2 | ||
| 260 |
_aNew JerseyJ _bMcgraw Hill _c2000 |
||
| 300 | _axiv, 277 | ||
| 500 | _aBE textbook Avionics | ||
| 942 |
_aNUST-CAE _k629.135 SPI |
||
| 999 |
_c299941 _d299941 |
||